00566 2200169 4500245009900000020002200099250001100121100001700132700001700149650002100166005001900187260007600206041001400282084000800296300008300304336000900387 aKomik Rampai Tema Lingkungan Hidup b : Kesatria Bumantara & Apa yang AdacEsti AsmaliahText a978-623-118-020-9 aCet. 1 aEsti Asmalia aDwi Pengesti aCerita Bergambar a20240902101112 ajakar selatanbKementerian Pendidikan, Kebudayaan, Riset, dan Teknologi aIndonesia a741 aNoto Sans, SIL Open Font License & Apache License iv, 52 hlm., 17,6 × 25 cm : atext